000 00321nam a22001337a 4500
008 181218b xxu||||| |||| 00| 0 eng d
020 _a9780805817461
041 _aeng
080 _a616
100 _a9
101 _aPAT
245 _aThe Developmental Psychopathology of Eating Disorders
_cSmolak,L
942 _2udc
_cBK
999 _c53477
_d53477